Nové pokladnice majú zabrániť podvodom

Od 1.1.2012 sú podľa zákona povinné pokladnice s fiškálnou pamäťou. Majú zabrániť podvodom a daňovým únikom. Obchodníkom majú zjednodušiť administratívu, prinesú im však aj zvýšené náklady.

Uložené v:
Podrobná bibliografia
Hlavný autor: Hollá, Viktória
Médium: Kapitola
Jazyk:Slovak
Predmet:
Tagy: Pridať tag
Žiadne tagy, Buďte prvý, kto otaguje tento záznam!

MARC

LEADER 00000naa a2200000 4500
001 0148701
005 20231010141121.3
041 0 |a slo 
044 |a SK 
245 1 0 |a Nové pokladnice majú zabrániť podvodom  |c Viktória Hollá 
520 |a Od 1.1.2012 sú podľa zákona povinné pokladnice s fiškálnou pamäťou. Majú zabrániť podvodom a daňovým únikom. Obchodníkom majú zjednodušiť administratívu, prinesú im však aj zvýšené náklady. 
610 2 0 |a maloobchod 
610 2 0 |a predajne 
610 2 0 |a pokladnice registračné 
610 2 0 |a platby obchodné 
100 1 |a Hollá, Viktória